Normal view
MARC view
- Italian Campaign
Entry Topical Term
001 - CONTROL NUMBER
- control field: 106251
003 - CONTROL NUMBER IDENTIFIER
- control field: NUST
005 - DATE AND TIME OF LATEST TRANSACTION
- control field: 20221228142728.0
008 - FIXED-LENGTH DATA ELEMENTS
- fixed length control field: 221228|| aca||aabn | a|a d
040 ## - CATALOGING SOURCE
- Original cataloging agency: NUST
- Transcribing agency: NUST
150 ## - HEADING--TOPICAL TERM
- Topical term or geographic name entry element: Italian Campaign
670 ## - SOURCE DATA FOUND
- Source citation: Work cat.: (NUST)186287: Shepperd G. A 48839, The Italian Campaign 1943-45 /, 1968
